00411nam a2200157Ia 4500008004100000041000800041082002300049100002400072245005500096260002700151300000800178365001600186710002400202906000800226999001900234230312s9999 xx 000 0 und d aeng a621.81b621.81 NOR aNorton R.L.9133855 aKinematics And Dynamics Of Machinery (In SI Units) c2009bTata McGraw-Hill a782 cRs.b450.00 aNorton R.L.9133856 b225 c131078d131078